000 00659nam a2200253Ia 4500
003 OSt
005 20220918165441.0
006 a|||||r|||| 00| 0
007 ta
008 220917b |||||||| |||| 00| 0 eng d
020 _a81+74450351 (hbk)
024 _a22,763
037 _cTextual
040 _aARTS
_cARTS
_beng
041 _2eng
_aeng
082 _a2b3, N3 (2D)
100 _aSharma S. R Ed.
_924241
245 0 _aAccreditation of library
260 _aNew Delhi
_bMohit Pub
_c1997
300 _avi,247p.
_ccm.
650 _aLIBRARY SCIENCE
942 _h2b3, N3 (2D)
_cTEXL
_2CC
999 _c129839
_d129839